header

Immigration, integration and the law : (Record no. 124427)

MARC details
000 -LEADER
fixed length control field 02421nam a2200421 i 4500
001 - CONTROL NUMBER
control field ebr10768048
003 - CONTROL NUMBER IDENTIFIER
control field CaPaEBR
006 - FIXED-LENGTH DATA ELEMENTS--ADDITIONAL MATERIAL CHARACTERISTICS--GENERAL INFORMATION
fixed length control field m o d
007 - PHYSICAL DESCRIPTION FIXED FIELD--GENERAL INFORMATION
fixed length control field cr cn|||||||||
008 - FIXED-LENGTH DATA ELEMENTS--GENERAL INFORMATION
fixed length control field 130523t20132013vtu ob 001 0 eng|d
020 ## - INTERNATIONAL STANDARD BOOK NUMBER
Cancelled/invalid ISBN 9781409462514 (hardback : alk. paper)
International Standard Book Number 9781409462521 (e-book)
040 ## - CATALOGING SOURCE
Original cataloging agency CaPaEBR
Language of cataloging eng
Description conventions rda
-- pn
Transcribing agency CaPaEBR
035 ## - SYSTEM CONTROL NUMBER
System control number (OCoLC)861536423
043 ## - GEOGRAPHIC AREA CODE
Geographic area code e------
050 14 - LIBRARY OF CONGRESS CALL NUMBER
Classification number KJE6044
Item number .M87 2013eb
082 04 - DEWEY DECIMAL CLASSIFICATION NUMBER
Classification number 342.2408/2
Edition number 23
100 1# - MAIN ENTRY--PERSONAL NAME
Personal name Murphy, Cliodhna.
245 10 - TITLE STATEMENT
Title Immigration, integration and the law :
Remainder of title the intersection of domestic, EU and international legal regimes /
Statement of responsibility, etc Cl�iodhna Murphy.
264 #1 - PRODUCTION, PUBLICATION, DISTRIBUTION, MANUFACTURE, AND COPYRIGHT NOTICE
Place of production, publication, distribution, manufacture Burlington, VT :
Name of producer, publisher, distributor, manufacturer Ashgate Publishing Company,
Date of production, publication, distribution, manufacture, or copyright notice [2013]
Date of production, publication, distribution, manufacture, or copyright notice �2013
300 ## - PHYSICAL DESCRIPTION
Extent 1 online resource (326 pages).
336 ## - CONTENT TYPE
Content type term text
Source rdacontent
337 ## - MEDIA TYPE
Media type term computer
Source rdamedia
338 ## - CARRIER TYPE
Carrier type term online resource
Source rdacarrier
440 #0 - SERIES STATEMENT/ADDED ENTRY--TITLE
Title Law and migration
504 ## - BIBLIOGRAPHY, ETC. NOTE
Bibliography, etc Includes bibliographical references and index.
505 0# - FORMATTED CONTENTS NOTE
Formatted contents note The concept of integration -- Exploring the relationship between integration and law -- The international legal framework for integration : the UN treaty regime -- Regional frameworks for integration : the jurisprudence of the European Court of Human Rights -- Regional frameworks for integration : concepts of integration in EU law and policy -- The boundaries of membership in EU member states : access to citizenship -- Religion, education, and integration : lessons from the Irish experience.
588 ## - SOURCE OF DESCRIPTION NOTE
Source of description note Description based on print version record.
590 ## - LOCAL NOTE (RLIN)
Local note Electronic reproduction. Palo Alto, Calif. : ebrary, 2013. Available via World Wide Web. Access may be limited to ebrary affiliated libraries.
650 #0 - SUBJECT ADDED ENTRY--TOPICAL TERM
Topical term or geographic name as entry element Emigration and immigration law
Geographic subdivision European Union countries.
Topical term or geographic name as entry element Immigrants
General subdivision Cultural assimilation
Geographic subdivision European Union countries.
Topical term or geographic name as entry element Social integration
Geographic subdivision European Union countries.
655 #0 - INDEX TERM--GENRE/FORM
Genre/form data or focus term Electronic books.
776 08 - ADDITIONAL PHYSICAL FORM ENTRY
Display text Print version:
Main entry heading Murphy, Cliodhna.
Title Immigration, integration and the law : the intersection of domestic, EU and international legal regimes.
Place, publisher, and date of publication Burlington, VT : Ashgate Publishing Company, [2013]
Physical description x, 315 pages
Series data for related item Law and migration
International Standard Book Number 9781409462514
Record control number (DLC) 2013020864
797 2# - LOCAL ADDED ENTRY--CORPORATE NAME (RLIN)
Corporate name or jurisdiction name as entry element ebrary.
856 40 - ELECTRONIC LOCATION AND ACCESS
Uniform Resource Identifier <a href="http://site.ebrary.com/lib/rucke/Doc?id=10768048">http://site.ebrary.com/lib/rucke/Doc?id=10768048</a>
Public note An electronic book accessible through the World Wide Web; click to view

No items available.

© 2026 Rongo University
Contact us: librarian | system librarian | Rongo university